| 000 | 00943cam a22002531 4500 | ||
|---|---|---|---|
| 001 | sd 49000285 | ||
| 003 | DLC | ||
| 005 | 20260227112735.0 | ||
| 008 | 900313s1944 dcu b 000 0 eng c | ||
| 010 | _asd 49000285 | ||
| 035 | _a(OCoLC)21207734 | ||
| 040 |
_aU.S. Dept. of State. Library. _cCSt-H _dDLC |
||
| 050 | 0 | 0 |
_aUB250 _b.U33 no. 2026 |
| 082 | _a282.4391 | ||
| 110 | 1 |
_aUnited States. _bOffice of Strategic Services. _bResearch and Analysis Branch. |
|
| 245 | 0 | 0 | _aPolitical attitudes of the Roman Catholic Church in Hungary. |
| 260 |
_aWashington, _c1944. |
||
| 300 |
_a55 p. _c32 cm. |
||
| 490 | 1 |
_aIts R & A _vno. 2026 |
|
| 504 | _aAppendices contain brief biographical data on members of the Roman and Greek Catholic clergy as of 1953. | ||
| 610 | 2 | 0 |
_aCatholic Church _zHungary. |
| 650 | 0 |
_aChurch and state _zHungary. |
|
| 810 | 1 |
_aUnited States. _bDepartment of State. _bOffice of Intelligence Research. _tR & A ; _vno. 2026. |
|
| 999 |
_c90003 _d90003 |
||